[Event "Championnat de France 2012 - Open B"]
[Site "PAU"]
[Date "2012.08.16"]
[Round "3.9"]
[White "Boukhris, Khaled"]
[Black "Roubert, Emile"]
[Result "1-0"]
[WhiteElo "1796"]
[BlackElo "1927"]
[PlyCount "43"]

1. e4 e5 2. Nf3 Nc6 3. Bb5 a6 4. Bxc6 dxc6 5. O-O Bg4 6. h3 h5 7. d3 Qf6 8.
Nbd2 Ne7 9. Nc4 Ng6 10. hxg4 hxg4 11. Bg5 Qe6 12. Nh2 Rh5 13. Be3 Rxh2 14. Kxh2
O-O-O 15. g3 Be7 16. Rh1 f5 17. exf5 Qxf5 18. Nd2 Bg5 19. Qe2 Nf4 20. Bxf4 exf4
21. Ne4 f3 22. Qf1 1-0

[Event "Championnat de France 2012 - Open B"]
[Site "PAU"]
[Date "2012.08.17"]
[Round "4.1"]
[White "Bandet, Raphael"]
[Black "Joslin, Jerome"]
[Result "0-1"]
[WhiteElo "1925"]
[BlackElo "1973"]
[PlyCount "53"]

1. e4 e5 2. Nf3 Nc6 3. Bc4 Nf6 4. d3 Be7 5. c3 d5 6. exd5 Nxd5 7. O-O O-O 8.
Re1 Bg4 9. h3 Bh5 10. Nbd2 Nf4 11. Ne4 Na5 12. Bb5 f5 13. Ng3 Bxf3 14. Qxf3 c6
15. Bc4+ Nxc4 16. dxc4 Nd3 17. Rd1 e4 18. Qe2 Bc5 19. Be3 Bxe3 20. Qxe3 f4 21.
Qxe4 fxg3 22. Rxd3 gxf2+ 23. Kf1 Qc7 24. g3 Rae8 25. Qg4 Qe5 26. Kg2 Qe1 27.
Rd7 0-1

[Event "Championnat de France 2012 - Open B"]
[Site "PAU"]
[Date "2012.08.17"]
[Round "4.2"]
[White "Ruch, Bernard"]
[Black "Cattaneo, Romain"]
[Result "1-0"]
[WhiteElo "1950"]
[BlackElo "1915"]
[PlyCount "65"]

1. d4 g6 2. c3 Nf6 3. Bg5 Bg7 4. Nd2 d6 5. e3 O-O 6. Be2 c6 7. h4 h6 8. Bf4 Nd5
9. Bg3 e5 10. dxe5 Bxe5 11. Bxe5 dxe5 12. Ngf3 Qe7 13. Qc2 a5 14. O-O-O b5 15.
Rdg1 a4 16. g4 a3 17. b3 b4 18. c4 Nc3 19. Ne4 Nxe2+ 20. Qxe2 c5 21. g5 Bb7 22.
Nf6+ Kg7 23. e4 h5 24. Rd1 Ra6 25. Rd2 Rd8 26. Rhd1 Rxd2 27. Rxd2 Rxf6 28.
gxf6+ Qxf6 29. Ng5 Qf4 30. Qf3 Qxf3 31. Nxf3 f6 32. Rd8 Bxe4 33. Nd2 1-0

[Event "Championnat de France 2012 - Open B"]
[Site "PAU"]
[Date "2012.08.17"]
[Round "4.3"]
[White "Gerandi, Guillaume"]
[Black "Gautier, Selvan"]
[Result "1-0"]
[WhiteElo "1842"]
[BlackElo "1949"]
[PlyCount "39"]

1. e4 e5 2. d4 exd4 3. Qxd4 Nf6 4. Nc3 Nc6 5. Qe3 Bb4 6. Bd2 d6 7. O-O-O O-O 8.
f4 Qe7 9. Bd3 Re8 10. Qg3 Nd4 11. Re1 Be6 12. f5 Bd7 13. Nf3 Nxf3 14. gxf3 Qe5
15. f4 Qa5 16. Rhg1 g6 17. Qg5 Nh5 18. Qxh5 d5 19. fxg6 dxe4 20. Qxh7+ 1-0

[Event "Championnat de France 2012 - Open B"]
[Site "PAU"]
[Date "2012.08.17"]
[Round "4.4"]
[White "Sauvaget, Franck"]
[Black "Azymah, Remy"]
[Result "1-0"]
[WhiteElo "1949"]
[BlackElo "1826"]
[PlyCount "131"]

1. c4 Nf6 2. Nc3 g6 3. g3 Bg7 4. Bg2 O-O 5. d3 d6 6. Nf3 c6 7. O-O Nbd7 8. Rb1
Re8 9. b4 a6 10. Nd2 Qc7 11. Qb3 Rb8 12. a4 b6 13. b5 axb5 14. axb5 c5 15. Ra1
Bb7 16. Ra7 Qc8 17. Bb2 Bxg2 18. Kxg2 h5 19. Nf3 Ne5 20. Nxe5 dxe5 21. h3 h4
22. Rfa1 hxg3 23. fxg3 Qf5 24. e4 Qe6 25. R1a6 Nh7 26. Bc1 Bf6 27. Nd5 Bg5 28.
Qd1 Bxc1 29. Qxc1 Qd6 30. Qf1 Nf6 31. Qf3 Kg7 32. g4 Kf8 33. g5 Nh5 34. Qg4
Red8 35. Ra3 Nf4+ 36. Kg3 Nxd5 37. exd5 e4+ 38. Qf4 Qxf4+ 39. Kxf4 exd3 40.
Rxd3 Ra8 41. Rda3 Rxa7 42. Rxa7 Rd6 43. Ra8+ Kg7 44. Re8 Rd7 45. Ke5 Ra7 46. d6
exd6+ 47. Kxd6 Ra4 48. Re4 Ra3 49. Kc6 Rxh3 50. Kxb6 Rh5 51. Re5 f6 52. gxf6+
Kxf6 53. Rxc5 g5 54. Ka6 Rh8 55. Rc6+ Kf5 56. b6 g4 57. Rc5+ Kf4 58. Rc7 Rg8
59. Rf7+ Ke3 60. Rf1 Ke2 61. Rb1 g3 62. b7 g2 63. c5 Kd3 64. c6 Kc2 65. Rg1 Kb3
66. c7 1-0

[Event "Championnat de France 2012 - Open B"]
[Site "PAU"]
[Date "2012.08.17"]
[Round "4.5"]
[White "Renaux, Osmin"]
[Black "Boukhris, Khaled"]
[Result "1-0"]
[WhiteElo "1997"]
[BlackElo "1796"]
[PlyCount "61"]

1. d4 Nf6 2. c4 c5 3. d5 b5 4. cxb5 a6 5. b6 d6 6. Nc3 Qxb6 7. e4 g6 8. Nf3 Bg7
9. a4 O-O 10. a5 Qb4 11. Ra4 Qb7 12. Nd2 Bd7 13. Ra3 Bb5 14. Be2 Rc8 15. Rb3
Qc7 16. Bxb5 axb5 17. Nxb5 Qd8 18. Nc4 Nfd7 19. O-O Na6 20. Bd2 Rcb8 21. Qc2
Nb4 22. Bxb4 Rxb5 23. Bc3 Rxb3 24. Qxb3 Bd4 25. Rd1 Rb8 26. Qa4 Bxc3 27. bxc3
Qc8 28. Qc6 Qd8 29. a6 Rc8 30. a7 Ra8 31. Qb7 1-0

[Event "Championnat de France 2012 - Open B"]
[Site "PAU"]
[Date "2012.08.17"]
[Round "4.6"]
[White "Gering, Adrien"]
[Black "Nobili, Denis"]
[Result "0-1"]
[WhiteElo "1901"]
[BlackElo "1995"]
[PlyCount "44"]

1. d4 d5 2. Nf3 Nf6 3. e3 Bf5 4. c4 c6 5. Qb3 Qc7 6. Nc3 e6 7. Be2 Nbd7 8. Ne5
Nxe5 9. dxe5 Nd7 10. f4 Rd8 11. cxd5 exd5 12. g4 Nc5 13. Qd1 Be4 14. O-O a5 15.
Nxe4 dxe4 16. Qc2 Nd3 17. Rd1 Qd7 18. Qa4 Qd5 19. Bxd3 exd3 20. Kf2 Be7 21. e4
Qd7 22. Be3 Qxg4 0-1

[Event "Championnat de France 2012 - Open B"]
[Site "PAU"]
[Date "2012.08.17"]
[Round "4.7"]
[White "N'Guyen, Julien"]
[Black "Basso, Pierre-Yves"]
[Result "1-0"]
[WhiteElo "1983"]
[BlackElo "1911"]
[PlyCount "69"]

1. d4 e6 2. c4 d5 3. Nf3 Nf6 4. e3 c6 5. Nc3 Nbd7 6. Bd3 dxc4 7. Bxc4 b5 8. Bd3
Bb7 9. O-O b4 10. Ne4 Nxe4 11. Bxe4 Nf6 12. Bc2 g6 13. e4 Bg7 14. Bg5 Qb6 15.
Ne5 h6 16. Be3 Qc7 17. Qf3 c5 18. Rfc1 O-O 19. Bd3 Nd7 20. Ng4 h5 21. Nh6+ Bxh6
22. Bxh6 Rfc8 23. Bb5 f5 24. Bf4 Qd8 25. Qg3 Kh7 26. Bg5 Qc7 27. Bf4 Qd8 28.
exf5 exf5 29. Bg5 Qc7 30. Qxc7 Rxc7 31. Bf4 Bc6 32. Bxc7 Bxb5 33. dxc5 Re8 34.
Ba5 Re2 35. c6 1-0

[Event "Championnat de France 2012 - Open B"]
[Site "PAU"]
[Date "2012.08.17"]
[Round "4.8"]
[White "Touzeau, Maxime"]
[Black "Obert, Julien"]
[Result "1-0"]
[WhiteElo "1954"]
[BlackElo "1823"]
[PlyCount "83"]

1. d4 Nf6 2. Nf3 d5 3. c4 c6 4. Nc3 e6 5. Bg5 Nbd7 6. e3 Qa5 7. Bxf6 Nxf6 8.
Bd3 Bb4 9. O-O Bxc3 10. bxc3 Qxc3 11. Rc1 Qa5 12. Qc2 O-O 13. Ne5 Qd8 14. f4
Qe7 15. g4 g6 16. f5 exf5 17. gxf5 dxc4 18. Nxc4 Nd5 19. e4 Qg5+ 20. Kh1 Nb4
21. Qb3 Nxd3 22. Qxd3 a5 23. Rg1 Qh6 24. Rcf1 b5 25. Nb6 Rb8 26. Nxc8 Rbxc8 27.
Rg4 Rfd8 28. e5 Rd5 29. e6 Rf8 30. e7 Re8 31. f6 Rh5 32. Rg2 Rd5 33. Qc3 Rd6
34. Qc5 Re6 35. Qa7 Qe3 36. Qd7 R6xe7 37. fxe7 Rxe7 38. Qd8+ Re8 39. Qf6 Re7
40. Qxc6 Qxd4 41. Qxb5 Qa7 42. Qd5 1-0

[Event "Championnat de France 2012 - Open B"]
[Site "PAU"]
[Date "2012.08.17"]
[Round "4.9"]
[White "Le Razavet, Yannick"]
[Black "Gendre, Pascal"]
[Result "0-1"]
[WhiteElo "1818"]
[BlackElo "1948"]
[PlyCount "66"]

1. Nf3 d6 2. d4 Nf6 3. h3 Nbd7 4. Nc3 c6 5. e4 Qc7 6. Bc4 b5 7. Bd3 e5 8. d5 b4
9. dxc6 Qxc6 10. Bb5 Qb7 11. Nd5 Nxe4 12. Qd3 Nec5 13. Qc4 a6 14. Bxd7+ Bxd7
15. Nxb4 Be6 16. Qc3 a5 17. Nd3 Ne4 18. Qa3 Be7 19. Qa4+ Bd7 20. Qb3 Qc6 21. c3
O-O 22. O-O Nf6 23. Rd1 Bxh3 24. gxh3 Qxf3 25. Kh2 e4 26. Be3 exd3 27. Rxd3
Rfb8 28. Qc2 Qe4 29. Qd2 Rxb2 30. Qxb2 Qxd3 31. Qb7 Re8 32. Bd4 d5 33. Re1 Bd6+
0-1

[Event "Championnat de France 2012 - Open B"]
[Site "PAU"]
[Date "2012.08.17"]
[Round "4.10"]
[White "Forgues, Valerie"]
[Black "Lagunes, Robin"]
[Result "1-0"]
[WhiteElo "1940"]
[BlackElo "1814"]
[PlyCount "75"]

1. e4 Nf6 2. e5 Nd5 3. d4 d6 4. Nf3 Bg4 5. h3 Bh5 6. c4 Nb6 7. exd6 cxd6 8. Nc3
h6 9. b3 g5 10. Bb2 Bg7 11. Be2 Nc6 12. Ne4 f5 13. Ng3 Bxf3 14. Bxf3 Rf8 15.
Qd2 Qc7 16. O-O-O O-O-O 17. Rhe1 e5 18. d5 Nd4 19. Bxd4 exd4 20. Ne2 Be5 21.
Kb1 Bh8 22. Nxd4 Qg7 23. Re6 g4 24. hxg4 fxg4 25. Be2 Rxf2 26. Qe3 g3 27. Re7
Qg6+ 28. Bd3 Qh5 29. Re1 Bxd4 30. Qxd4 Qg5 31. Rg7 Qd2 32. Bf5+ Kb8 33. Qxd2
Rxd2 34. Ree7 Nc8 35. Rxb7+ Ka8 36. Bxc8 Rf8 37. Rbf7 Re8 38. Be6 1-0

[Event "Championnat de France 2012 - Open B"]
[Site "PAU"]
[Date "2012.08.18"]
[Round "5.1"]
[White "Joslin, Jerome"]
[Black "Sauvaget, Franck"]
[Result "1-0"]
[WhiteElo "1973"]
[BlackElo "1949"]
[PlyCount "45"]

1. d4 d5 2. c4 c6 3. e3 Nf6 4. Bd3 a6 5. Nf3 Bg4 6. Nbd2 Nbd7 7. Qc2 Bh5 8. Ne5
e6 9. b3 Nxe5 10. dxe5 Nd7 11. Bb2 Bg6 12. cxd5 cxd5 13. Bxg6 hxg6 14. Rc1 Bb4
15. O-O Bxd2 16. Qxd2 Rc8 17. Rxc8 Qxc8 18. Rc1 Qb8 19. Ba3 b6 20. Qb4 Nc5 21.
Rxc5 O-O 22. Rc6 Re8 23. Qd6 1-0

[Event "Championnat de France 2012 - Open B"]
[Site "PAU"]
[Date "2012.08.18"]
[Round "5.2"]
[White "Gerandi, Guillaume"]
[Black "Ruch, Bernard"]
[Result "1/2-1/2"]
[WhiteElo "1842"]
[BlackElo "1950"]
[PlyCount "92"]

1. e4 e6 2. d4 d5 3. Nc3 Nf6 4. e5 Nfd7 5. f4 c5 6. Nf3 Nc6 7. Be3 cxd4 8. Nxd4
Bc5 9. Qd2 a6 10. O-O-O Bxd4 11. Bxd4 b5 12. Be3 b4 13. Ne2 Qa5 14. Kb1 O-O 15.
Nd4 Nxd4 16. Bxd4 Nc5 17. Bxc5 Qxc5 18. g4 a5 19. Bg2 Rb8 20. Rhf1 a4 21. f5 b3
22. cxb3 axb3 23. a3 Qc2+ 24. Qxc2 bxc2+ 25. Kxc2 Ba6 26. Rfe1 Bc4 27. b4 Ra8
28. Kb2 Ra4 29. Rc1 h5 30. h3 hxg4 31. hxg4 Re8 32. Rxc4 dxc4 33. Bc6 Raa8 34.
Bxe8 Rxe8 35. a4 exf5 36. gxf5 g5 37. Kc3 g4 38. Re4 Kh7 39. Rxg4 Rxe5 40. f6
Kh8 41. Rg7 Re3+ 42. Kxc4 Rc3+ 43. Kd5 Rd3+ 44. Kc6 Rd6+ 45. Kb7 Rd7+ 46. Kc8
Rd8+ 1/2-1/2

[Event "Championnat de France 2012 - Open B"]
[Site "PAU"]
[Date "2012.08.18"]
[Round "5.3"]
[White "Gendre, Pascal"]
[Black "Renaux, Osmin"]
[Result "0-1"]
[WhiteElo "1948"]
[BlackElo "1997"]
[PlyCount "82"]

1. d4 Nf6 2. c4 g6 3. Nf3 Bg7 4. g3 O-O 5. Bg2 d6 6. O-O Nc6 7. Nc3 Na5 8. Nd2
c5 9. d5 e6 10. Qc2 exd5 11. Nxd5 Nxd5 12. Bxd5 Nc6 13. Bg2 Re8 14. Qd1 Be6 15.
Rb1 d5 16. b3 d4 17. Be4 f5 18. Bg2 Qa5 19. a3 Rad8 20. Nf3 h6 21. b4 cxb4 22.
axb4 Qa2 23. Rb2 Qxc4 24. b5 Na5 25. Nd2 Qc5 26. Qa4 Qb6 27. Rc2 Bf7 28. Bf3 d3
29. exd3 Rxd3 30. Qf4 Rd4 31. Qc7 Qxb5 32. Rb2 Rb4 33. Rc2 Be5 34. Qc5 Qxc5 35.
Rxc5 b6 36. Rc2 Nb3 37. Bc6 Rc8 38. Ba3 Nd4 39. Rfc1 Ne2+ 40. Kg2 Nxc1 41. Rxc1
Bb2 0-1

[Event "Championnat de France 2012 - Open B"]
[Site "PAU"]
[Date "2012.08.18"]
[Round "5.4"]
[White "Nobili, Denis"]
[Black "Forgues, Valerie"]
[Result "1-0"]
[WhiteElo "1995"]
[BlackElo "1940"]
[PlyCount "103"]

1. d4 Nf6 2. Nf3 e6 3. c4 b6 4. g3 Bb7 5. Bg2 Be7 6. Nc3 O-O 7. Qc2 c5 8. e4
cxd4 9. Nxd4 d6 10. O-O Qc8 11. b3 Nc6 12. Nde2 Rd8 13. Rd1 Nd7 14. h3 Nc5 15.
a3 Ne5 16. f4 Ng6 17. Bb2 Bf6 18. b4 Na6 19. Qd3 Nc7 20. Rd2 Rb8 21. Rad1 Ba8
22. h4 h6 23. h5 Nf8 24. Bh3 Bb7 25. Bg2 Ne8 26. Nd4 Qd7 27. Ndb5 Be7 28. c5
bxc5 29. bxc5 d5 30. exd5 Bxc5+ 31. Kh2 exd5 32. Bxd5 Bxd5 33. Qxd5 Qxd5 34.
Rxd5 Rxd5 35. Rxd5 Be7 36. Bc1 a6 37. Nd4 Rc8 38. Nce2 Bf6 39. Bd2 Rb8 40. Bb4
Nc7 41. Rc5 Nfe6 42. Nxe6 Nxe6 43. Ra5 Rb6 44. Kg2 Nd8 45. Rd5 Nc6 46. Bd6 Ne7
47. Rd3 Nc6 48. g4 Rb5 49. Ng3 Be7 50. Nf5 Bxd6 51. Rxd6 Rc5 52. Rxc6 1-0

[Event "Championnat de France 2012 - Open B"]
[Site "PAU"]
[Date "2012.08.18"]
[Round "5.5"]
[White "Peyre, Camille"]
[Black "N'Guyen, Julien"]
[Result "1-0"]
[WhiteElo "1921"]
[BlackElo "1983"]
[PlyCount "107"]

1. d4 d5 2. c4 c6 3. cxd5 cxd5 4. Nf3 Nf6 5. Nc3 Nc6 6. Bf4 Qb6 7. Na4 Qa5+ 8.
Bd2 Qc7 9. Rc1 Bf5 10. e3 e6 11. b4 a6 12. Ne5 Bd6 13. Nxc6 bxc6 14. b5 axb5
15. Bxb5 O-O 16. Bxc6 Ba3 17. Bxa8 Bxc1 18. Qxc1 Qxc1+ 19. Bxc1 Rxa8 20. Nc3
Rc8 21. Bd2 Ne4 22. Nxe4 Bxe4 23. O-O h6 24. Bb4 Kh7 25. Ra1 Bd3 26. a4 Ra8 27.
a5 Kg6 28. Bc5 Kf5 29. Bb6 g6 30. Rc1 Bc4 31. f3 h5 32. Kf2 Rc8 33. g3 Kg5 34.
h3 Kf6 35. e4 Ra8 36. Ke3 Kg7 37. h4 f5 38. exf5 exf5 39. Bc7 Kf7 40. Rb1 Ra7
41. Bd8 Ra8 42. Rb7+ Ke6 43. Bb6 Kf6 44. Rc7 Bb5 45. Rc5 Bc4 46. Rc6+ Kf7 47.
Kf4 Re8 48. Kg5 Re3 49. Rxg6 Rxf3 50. Rf6+ Kg7 51. Bc7 Rd3 52. Rxf5 Kh7 53. Be5
Ra3 54. Rf8 1-0

[Event "Championnat de France 2012 - Open B"]
[Site "PAU"]
[Date "2012.08.18"]
[Round "5.6"]
[White "Le Bail, Arielle"]
[Black "Touzeau, Maxime"]
[Result "1-0"]
[WhiteElo "1876"]
[BlackElo "1954"]
[PlyCount "63"]

1. d4 Nf6 2. c4 e6 3. Nc3 d5 4. cxd5 exd5 5. Bg5 Be7 6. e3 O-O 7. Bd3 c6 8.
Nge2 Nbd7 9. f3 Ne8 10. Bxe7 Qxe7 11. Qd2 Nd6 12. O-O Nb6 13. e4 Ndc4 14. Qc1
dxe4 15. fxe4 Bg4 16. b3 Bxe2 17. Bxe2 Nd6 18. e5 Ne8 19. Qf4 Nc7 20. Ne4 Nbd5
21. Qg3 Ne8 22. Rf2 Qb4 23. Qh4 Nc3 24. Nxc3 Qxc3 25. Raf1 Qe3 26. Kh1 Rc8 27.
Bc4 b5 28. Bxf7+ Rxf7 29. Rxf7 Nf6 30. R7xf6 gxf6 31. Qxf6 Rb8 32. e6 1-0

[Event "Championnat de France 2012 - Open B"]
[Site "PAU"]
[Date "2012.08.18"]
[Round "5.7"]
[White "Graton, Tanguy"]
[Black "Dupouy, Francois"]
[Result "0-1"]
[WhiteElo "1893"]
[BlackElo "1961"]
[PlyCount "68"]

1. e4 e6 2. d4 d5 3. Nd2 Nc6 4. Ngf3 Nf6 5. e5 Nd7 6. c3 f6 7. Bb5 fxe5 8. dxe5
Be7 9. Nd4 Nxd4 10. cxd4 O-O 11. Bd3 Qe8 12. Qc2 Qh5 13. Qxc7 Qg4 14. O-O Qxd4
15. Qc2 Nxe5 16. Bxh7+ Kh8 17. Nb3 Qh4 18. Bd3 Bd7 19. Be3 Bd6 20. f4 Ng4 21.
g3 Nxe3 22. Qe2 Qf6 23. Qxe3 Qxb2 24. Nc5 Qb6 25. Rac1 Rac8 26. Qe2 Bxc5+ 27.
Kh1 Rf6 28. Qh5+ Rh6 29. Qf7 Be8 30. Rxc5 Bxf7 31. Rxc8+ Bg8 32. f5 e5 33. g4
Qe3 34. Bc2 Qe2 0-1

[Event "Championnat de France 2012 - Open B"]
[Site "PAU"]
[Date "2012.08.18"]
[Round "5.8"]
[White "Gautier, Selvan"]
[Black "Julien, Jules-Alois"]
[Result "1-0"]
[WhiteElo "1949"]
[BlackElo "1844"]
[Annotator "Rivier,Sylvain"]
[PlyCount "71"]

1. e4 c5 2. Nf3 e6 3. d4 cxd4 4. c3 Nf6 5. e5 Nd5 6. Bc4 Nb6 7. Bb3 Nc6 8. cxd4
d6 9. O-O Be7 10. Qe2 O-O 11. Nc3 Nb4 12. Rd1 N4d5 13. Bc2 f5 14. exf6 Bxf6 15.
Qe4 g6 16. Bb3 Re8 17. h4 Bg7 18. Bg5 Nf6 19. Qd3 Qd7 20. Re1 a6 21. Re2 Qf7
22. Bxf6 Bxf6 23. Ne4 Qf8 24. Neg5 d5 25. Rae1 Qe7 26. Bc2 Nc4 27. Bb3 b5 28.
Bxc4 bxc4 29. Qd1 Kg7 30. Ne5 h6 31. Ngf7 Bxe5 32. Nxe5 Qxh4 33. Re3 Rf8 34.
Rg3 Rf6 35. Qa4 Qxd4 {suite illisible} 36. Nd7 1-0

[Event "Championnat de France 2012 - Open B"]
[Site "PAU"]
[Date "2012.08.18"]
[Round "5.9"]
[White "Parny, Mathieu"]
[Black "Contois, Frederick-Andre"]
[Result "0-1"]
[WhiteElo "1880"]
[BlackElo "1939"]
[PlyCount "124"]

1. e4 c5 2. Nc3 Nc6 3. f4 e6 4. Nf3 Nge7 5. Bb5 g6 6. O-O Bg7 7. Bxc6 bxc6 8.
Qe1 Ba6 9. d3 d5 10. e5 Nf5 11. Na4 c4 12. d4 Bb5 13. Nc5 Qb6 14. c3 Bf8 15. g4
Ng7 16. a4 Ba6 17. a5 Qb5 18. Nxa6 Qxa6 19. Qh4 Qb7 20. Qf6 Rg8 21. Ng5 h6 22.
f5 hxg5 23. fxg6 Rh8 24. gxf7+ Kd7 25. Qxg5 Qb8 26. Qf6 c5 27. h4 cxd4 28. cxd4
Qd8 29. Bg5 Qxf6 30. exf6 Nh5 31. gxh5 Rxh5 32. Rfe1 Bh6 33. Re5 Bxg5 34. Rxg5
Rxh4 35. Rg8 Rh8 36. Rg7 Raf8 37. Kg2 Rh6 38. Ra4 Rxf6 39. Rb4 Kc6 40. a6 R8xf7
41. Rb7 Rxg7+ 42. Rxg7 Kb6 43. Kg3 Kxa6 44. Re7 Kb6 45. Kg4 a5 46. Kg5 Rf5+ 47.
Kg4 Rf6 48. Kg5 Rf2 49. Rxe6+ Kb5 50. Rd6 Rxb2 51. Rxd5+ Kb4 52. Kf4 Re2 53.
Rd8 c3 54. Rc8 c2 55. d5 Kb3 56. Rb8+ Kc3 57. Rc8+ Kd2 58. Kf3 Re5 59. d6 c1=Q
60. d7 Qf1+ 61. Kg3 Rg5+ 62. Kh4 Qf4+ 0-1

[Event "Championnat de France 2012 - Open B"]
[Site "PAU"]
[Date "2012.08.18"]
[Round "5.10"]
[White "Brehier, William"]
[Black "Baroudel, Hadrien"]
[Result "1/2-1/2"]
[WhiteElo "1852"]
[BlackElo "1929"]
[PlyCount "89"]

1. Nf3 d5 2. c4 d4 3. e3 c5 4. exd4 cxd4 5. g3 Nc6 6. Bg2 e5 7. d3 f6 8. O-O
Bg4 9. a3 a5 10. Nbd2 Nh6 11. Qc2 Nf7 12. Re1 Be7 13. Rb1 a4 14. b4 axb3 15.
Qxb3 Rb8 16. h3 Be6 17. Qc2 O-O 18. Kh2 Qc7 19. Ne4 Nfd8 20. Kh1 b6 21. g4 Nb7
22. Ng3 g6 23. Qe2 g5 24. Nd2 Nc5 25. Nde4 Bc8 26. Nxc5 Bxc5 27. Bd5+ Kh8 28.
Nf5 Bb7 29. h4 Ne7 30. Nxe7 Qxe7 31. Qe4 h6 32. Kg2 Bxd5 33. cxd5 Kg7 34. f4
gxf4 35. Bxf4 Qf7 36. Bd2 Rfd8 37. Rf1 Qxd5 38. Bxh6+ Kxh6 39. Rxf6+ Kg7 40.
Rg6+ Kf8 41. Rf1+ Ke7 42. Rg7+ Ke6 43. Rg6+ Ke7 44. Rg7+ Ke6 45. Rg6+ 1/2-1/2

[Event "Championnat de France 2012 - Open B"]
[Site "PAU"]
[Date "2012.08.19"]
[Round "6.1"]
[White "Nobili, Denis"]
[Black "Joslin, Jerome"]
[Result "1-0"]
[WhiteElo "1995"]
[BlackElo "1973"]
[PlyCount "65"]

1. d4 d5 2. c4 c6 3. Nf3 dxc4 4. e3 b5 5. a4 a5 6. b3 cxb3 7. Qxb3 Be6 8. Qc2
b4 9. Nbd2 Nf6 10. Bd3 Qb6 11. Nc4 Bxc4 12. Bxc4 e6 13. e4 Nbd7 14. O-O Be7 15.
Re1 Rb8 16. Qb3 h6 17. Bb2 O-O 18. Rad1 Qa7 19. Qd3 Rfd8 20. Qe2 Nb6 21. Bb3
Rbc8 22. Ne5 c5 23. d5 exd5 24. exd5 Nbxd5 25. Nxf7 Rf8 26. Nxh6+ gxh6 27. Qe6+
Kg7 28. Bxd5 Rc7 29. Rd3 Bd8 30. Rg3+ Kh7 31. Qf5+ Kh8 32. Qg6 Rh7 33. Bxf6+
1-0

[Event "Championnat de France 2012 - Open B"]
[Site "PAU"]
[Date "2012.08.19"]
[Round "6.2"]
[White "Renaux, Osmin"]
[Black "Peyre, Camille"]
[Result "0-1"]
[WhiteElo "1997"]
[BlackElo "1921"]
[PlyCount "90"]

1. d4 Nf6 2. c4 e6 3. Nf3 b6 4. e3 Bb7 5. Nbd2 Bb4 6. Bd3 O-O 7. O-O d5 8. cxd5
exd5 9. a3 Bd6 10. b4 Nbd7 11. Bb2 Re8 12. Rc1 Ne4 13. Re1 a6 14. Nf1 Qe7 15.
N3d2 Qh4 16. g3 Qg5 17. f4 Qe7 18. Qh5 Ndf6 19. Qh4 Qd7 20. h3 Be7 21. Nf3 Nf2
22. Ne5 Qe6 23. f5 Qd6 24. g4 Nxd3 25. Nxd3 Ne4 26. Qh5 Bg5 27. Ne5 g6 28. Nxf7
gxh5 29. Nxd6 cxd6 30. Rc7 Rab8 31. Kg2 Rec8 32. Rec1 Rxc7 33. Rxc7 b5 34. gxh5
Bd8 35. Rd7 Bc6 36. Ra7 Ra8 37. Rxa8 Bxa8 38. Kf3 Bc6 39. Nh2 Be8 40. h6 Bh5+
41. Ng4 Bg5 42. Bc1 Bxg4+ 43. Kxg4 Bxh6 44. Kh5 Bg7 45. Kg4 Kf7 0-1

[Event "Championnat de France 2012 - Open B"]
[Site "PAU"]
[Date "2012.08.19"]
[Round "6.3"]
[White "Ruch, Bernard"]
[Black "Le Bail, Arielle"]
[Result "1-0"]
[WhiteElo "1950"]
[BlackElo "1876"]
[PlyCount "99"]

1. d4 e6 2. c3 Nf6 3. Bg5 h6 4. Bf4 Be7 5. Nd2 d5 6. e3 Nbd7 7. Bd3 c5 8. Ngf3
Qb6 9. Rb1 Nh5 10. Be5 Nhf6 11. Bg3 Bd6 12. Ne5 Qc7 13. f4 a6 14. O-O O-O 15.
Bh4 b5 16. g4 cxd4 17. exd4 Bb7 18. Qe2 Ne4 19. Nxe4 dxe4 20. Bxe4 Bxe4 21.
Qxe4 Nxe5 22. fxe5 Be7 23. Bxe7 Qxe7 24. Rf3 Rac8 25. Rbf1 b4 26. R1f2 bxc3 27.
bxc3 Qg5 28. Kg2 Rc7 29. Re3 Rb8 30. Qf4 Qxf4 31. Rxf4 Rbc8 32. Rff3 Rc4 33. h4
Ra4 34. Rf2 Ra3 35. Rc2 Rc4 36. Kf3 Rca4 37. c4 Rxa2 38. Rxa2 Rxa2 39. Rc3 Rb2
40. c5 Rb8 41. Ra3 Ra8 42. Ke4 Kf8 43. d5 exd5+ 44. Kxd5 Ke7 45. c6 a5 46. Ra4
Kd8 47. Kd6 Ra6 48. g5 h5 49. g6 fxg6 50. e6 1-0

[Event "Championnat de France 2012 - Open B"]
[Site "PAU"]
[Date "2012.08.19"]
[Round "6.4"]
[White "Sauvaget, Franck"]
[Black "Gerandi, Guillaume"]
[Result "0-1"]
[WhiteElo "1949"]
[BlackElo "1842"]
[PlyCount "56"]

1. c4 c5 2. g3 g6 3. Bg2 Bg7 4. Nc3 Nc6 5. a3 e6 6. b4 Nxb4 7. axb4 cxb4 8. d4
bxc3 9. e3 Ne7 10. Ne2 d5 11. Ba3 dxc4 12. Qa4+ Bd7 13. Qxc4 Rc8 14. Qb4 b5 15.
O-O a5 16. Qxe7+ Qxe7 17. Bxe7 Kxe7 18. Rxa5 Rc7 19. f4 Rb8 20. Nc1 c2 21. Ra3
b4 22. Rb3 Ba4 23. Rb2 Rc3 24. Kf2 b3 25. Be4 Ke8 26. Ne2 Rc4 27. Ra1 Rbc8 28.
Nc1 Rxd4 0-1

[Event "Championnat de France 2012 - Open B"]
[Site "PAU"]
[Date "2012.08.19"]
[Round "6.5"]
[White "Dupouy, Francois"]
[Black "Roubert, Emile"]
[Result "0-1"]
[WhiteElo "1961"]
[BlackElo "1927"]
[Annotator "Rivier,Sylvain"]
[PlyCount "62"]

1. e4 e5 2. Nf3 Nc6 3. Bc4 Bc5 4. Nc3 Nf6 5. d3 O-O 6. Bg5 Be7 7. Qd2 d6 8.
Bxf6 Bxf6 9. Nd5 Be6 10. O-O-O a6 11. a3 b5 12. Ba2 a5 13. h4 b4 14. a4 Rb8 15.
Bc4 Bg4 16. Rdg1 Kh8 17. Nh2 Be6 18. Nf3 Bg4 19. Nh2 Be6 20. g4 Nd4 21. g5 Be7
22. h5 Bxd5 23. exd5 Qd7 24. f4 Qxa4 25. Kb1 exf4 26. b3 Qd7 27. Qf2 Nb5 28.
Bxb5 Qxb5 29. Qd4 Qc5 30. Nf3 Rb5 31. h6 Qxd5 {suite illisible} 0-1

[Event "Championnat de France 2012 - Open B"]
[Site "PAU"]
[Date "2012.08.19"]
[Round "6.7"]
[White "Contois, Frederick-Andre"]
[Black "Cattaneo, Romain"]
[Result "1/2-1/2"]
[WhiteElo "1939"]
[BlackElo "1915"]
[PlyCount "143"]

1. e4 g6 2. d4 Bg7 3. Nf3 d6 4. h3 Nd7 5. Be3 a6 6. a4 b6 7. Bd3 Bb7 8. Nbd2 e6
9. c3 Ne7 10. Nb3 h6 11. Qd2 Rc8 12. Qe2 Ra8 13. Nh2 f5 14. exf5 exf5 15. Rg1
O-O 16. Qd2 Kh7 17. g4 Be4 18. gxf5 Bxf5 19. O-O-O b5 20. axb5 axb5 21. Rg3 Nb6
22. Rdg1 Nc4 23. Qc2 Qe8 24. Kb1 Qf7 25. Bxf5 Qxf5 26. Qxf5 Rxf5 27. Nf3 Bf6
28. Nbd2 Nxd2+ 29. Nxd2 Bh4 30. Rf3 Raf8 31. Rxf5 Rxf5 32. Rg2 d5 33. Kc2 Nc8
34. Kd3 Nd6 35. b3 Rf8 36. c4 bxc4+ 37. bxc4 c6 38. cxd5 cxd5 39. Ke2 Ra8 40.
Rg1 Ra2 41. Kd3 Ra3+ 42. Ke2 Nb5 43. Rc1 Nc3+ 44. Kf3 Bf6 45. Kg2 g5 46. Nb1
Nxb1 47. Rxb1 Ra5 48. Rb6 Kg7 49. h4 Kg6 50. hxg5 hxg5 51. Kf3 Kf5 52. Rxf6+
Kxf6 53. Kg4 Ra1 54. Bxg5+ Ke6 55. Be3 Ra8 56. Bf4 Rf8 57. Be3 Rg8+ 58. Kf3 Kf5
59. Bf4 Ra8 60. Be3 Ra3 61. Ke2 Kg4 62. Bd2 Ra2 63. Kd3 Kf3 64. Be3 Ra3+ 65.
Kc2 Rxe3 66. fxe3 Kxe3 67. Kc3 Ke4 68. Kc2 Kxd4 69. Kd2 Ke4 70. Ke2 d4 71. Kd2
d3 72. Kd1 1/2-1/2

[Event "Championnat de France 2012 - Open B"]
[Site "PAU"]
[Date "2012.08.19"]
[Round "6.8"]
[White "Noreskal, Slomy"]
[Black "N'Guyen, Julien"]
[Result "1/2-1/2"]
[WhiteElo "1922"]
[BlackElo "1983"]
[PlyCount "110"]

1. e4 c6 2. d4 d5 3. e5 Bf5 4. Be3 e6 5. Nd2 Nd7 6. f4 Qb6 7. Nb3 Nh6 8. Nf3
Be7 9. c3 c5 10. Qe2 c4 11. Nc1 Qa5 12. Bd2 b5 13. b4 Qa3 14. Qd1 a5 15. bxa5
Qxa5 16. a4 Nb6 17. Nb3 cxb3 18. Bxb5+ Qxb5 19. axb5 b2 20. Rxa8+ Nxa8 21. Ke2
b1=Q 22. Qxb1 Bxb1 23. Rxb1 Nb6 24. Ra1 O-O 25. Ra7 Bd8 26. Bc1 Nf5 27. Nd2 g5
28. g3 gxf4 29. gxf4 Kg7 30. Ba3 Re8 31. Bc5 Ne7 32. Nb3 Nc4 33. Ra8 Rg8 34.
Rxd8 Rxd8 35. Bxe7 Rb8 36. Nd2 Nxd2 37. Kxd2 Rxb5 38. Bb4 Kg6 39. Ke3 Kh5 40.
Kf3 Kh4 41. f5 Kh3 42. Kf4 h6 43. fxe6 fxe6 44. Bf8 h5 45. Kg5 h4 46. Bd6 Kxh2
47. Kxh4 Rb1 48. Kg5 Rf1 49. Kg6 Rf3 50. Bc7 Kg2 51. Bb6 Rxc3 52. Kf7 Rc4 53.
Kxe6 Rxd4 54. Kd6 Re4 55. Kxd5 Rxe5+ 1/2-1/2